Hemostasis laboratory

Detalles Bibliográficos
Formato: Electrónico Revista
Lenguaje:inglés
Publicado: Hauppauge, NY : Nova Science Publishers, 2008-
Materias:
Acceso en línea:Full text available from Research Library: 01/01/2011 to 07/31/2014

MARC

LEADER 00000nas a22000007i 4500
001 ssj0001454247
003 WaSeSS
005 20200512172242.0
006 m d
007 cr n
008 140725c20089999nyuqr p s 0 a0eng
010 |a  2014202919 
022 |a 2374-0795  |y 1941-8493 
035 |a (WaSeSS)ssj0001454247 
037 |b Nova Science Pub., Inc., 400 User Avenue, Hauppauge, NY 11788-3619 
040 |a DLC  |b eng  |c DLC  |d OCLCO  |d COO  |d AU@  |d WaSeSS 
042 |a pcc  |a nsdp 
082 1 0 |a 616  |2 14 
210 0 |a Hemost. lab.  |b (Online) 
222 0 |a Hemostasis laboratory  |b (Online) 
245 0 0 |a Hemostasis laboratory  |h [electronic resource]. 
260 |a Hauppauge, NY :  |b Nova Science Publishers,  |c 2008- 
310 |a Quarterly 
362 1 |a Began with: Volume 1, issue 1 (2008). 
506 |a License restrictions may limit access. 
588 |a Description based on: Volume 1, issue (2008); title from PDF cover image (Nova Science website, viewed on July 25, 2014). 
588 |a Latest issue consulted: Volume 7, issue 2 (2014) (viewed on July 25, 2014). 
650 0 |a Hemostasis  |v Periodicals. 
650 7 |a Hemostasis.  |2 fast  |0 (OCoLC)fst00955125 
655 0 |a Electronic journals. 
776 0 8 |i Print version:  |t Hemostasis laboratory  |x 1941-8493  |w (DLC) 2008215253  |w (OCoLC)214420162 
856 4 0 |z Full text available from Research Library: 01/01/2011 to 07/31/2014  |u https://search.proquest.com/publication/2034876